| 000 | 01171 a2200277 4500 | ||
|---|---|---|---|
| 999 |
_c3936 _d3936 |
||
| 020 | _a9780415467483 | ||
| 020 | _a9780415467490 (pbk.) | ||
| 020 | _a0415467489 | ||
| 020 | _a0415467497 (pbk.) | ||
| 050 | 0 | 0 | _aLB2369 |
| 100 | 1 |
_aSmith, Karen, _eAuthor |
|
| 245 | 1 | 0 |
_aDoing your undergraduate social science dissertation / _cKaren Smith, Malcolm Todd and Julia Waldman. |
| 264 |
_aNew York: _bRoutledge, _c2009 |
||
| 300 |
_axiv, 173p. : _bill., map ; |
||
| 500 | _aIncludes index | ||
| 504 | _aIncludes bibliography | ||
| 650 | 0 | _aDissertations, Academic. | |
| 650 | 0 |
_aSocial sciences _xResearch _xMethodology. |
|
| 700 | 1 | _aTodd, Malcolm J. | |
| 700 | 1 | _aWaldman, Julia. | |
| 856 | 4 | 1 |
_3Table of contents only _uhttp://www.loc.gov/catdir/toc/ecip0827/2008038500.html |
| 856 | 4 | 2 |
_3Publisher description _uhttp://www.loc.gov/catdir/enhancements/fy0916/2008038500-d.html |
| 856 | 4 | 2 |
_3Contributor biographical information _uhttp://www.loc.gov/catdir/enhancements/fy1007/2008038500-b.html |
| 942 |
_2lcc _cBK _h2369 _iSMI _kLB |
||